| 000 | 00430cam a2200181ua 4500 | ||
|---|---|---|---|
| 020 | _c60 paise | ||
| 041 |
_amal _h |
||
| 082 |
_a894.812301 _bCHE/OR |
||
| 100 | _aCherukad, . | ||
| 245 |
_aOru divasam / _cCherukad. _hTextual Documents |
||
| 250 |
_a1 / _b. |
||
| 260 |
_aThrissur : _bCurrent Books , _c1965. |
||
| 300 | _a30 ; . | ||
| 365 | _a60 paise | ||
| 504 | _a | ||
| 942 | _cBK | ||
| 999 |
_c12633 _d12633 |
||